[Event "BCF-chT2 2324 (4NCL)"]
[Site "England"]
[Date "2024.02.10"]
[Round "5.17"]
[White "Sivanandan, Bodhana"]
[Black "Stork, Christopher"]
[Result "1-0"]
[WhiteElo "1854"]
[BlackElo "2046"]
[PlyCount "95"]
[EventDate "2023.11.11"]
[EventType "team-tourn"]
[EventRounds "11"]
[EventCountry "ENG"]
[SourceTitle "CB11_2024"]
[SourceDate "2024.03.13"]
[SourceVersion "1"]
[SourceVersionDate "2024.03.13"]
[SourceQuality "1"]
[WhiteTeam "Cambridge University"]
[BlackTeam "Anglian Avengers"]
[WhiteTeamCountry "ENG"]
[BlackTeamCountry "ENG"]

1. e4 c5 2. Nc3 a6 3. g3 b5 4. Bg2 Bb7 5. Nge2 e6 6. 0-0 Nf6 7. d3 d6 8. h3 Nc6 9. Be3 Be7 10. f4 0-0 11. g4 Nd7 12. Ng3 Bf6 13. g5 Bd4 14. Bxd4 Nxd4 15. h4 f5 16. Nce2 Rc8 17. c3 Nc6 18. Kh2 Ne7 19. Rf2 Rc7 20. h5 g6 21. h6 Qe8 22. Qd2 Qf7 23. Re1 d5 24. e5 Nb6 25. Rff1 Nc6 26. Rc1 Rd8 27. b3 Qe7 28. Qb2 a5 29. a3 Rcd7 30. Rfd1 Rb8 31. Qc2 c4 32. dxc4 bxc4 33. b4 axb4 34. axb4 Ba6 35. Nd4 Nxd4 36. Rxd4 Bb5 37. Qf2 Ra7 38. Rd2 Ra6 39. Ne2 Nc8 40. Nd4 Na7 41. Nxe6 Rxe6 42. Bxd5 Kf7 43. Bxe6+ Kxe6 44. Rd6+ Kf7 45. Qc5 Nc8 46. Rf6+ Kg8 47. Rd1 Be8 48. Rd8 1-0

[Event "Staufer op 34th"]
[Site "Schwaebisch Gmuend"]
[Date "2024.01.03"]
[Round "4"]
[White "Volkov, Mykyta"]
[Black "Stork, Christopher"]
[Result "1/2-1/2"]
[WhiteElo "2281"]
[BlackElo "2024"]
[PlyCount "82"]
[EventDate "2024.01.02"]
[EventType "swiss"]
[EventRounds "9"]
[EventCountry "GER"]
[SourceTitle "CB02_2024"]
[SourceDate "2024.01.10"]
[SourceVersion "1"]
[SourceVersionDate "2024.01.10"]
[SourceQuality "1"]

1. d4 Nf6 2. c4 e6 3. Nc3 Bb4 4. Qc2 0-0 5. a3 Bxc3+ 6. Qxc3 d5 7. Nf3 dxc4 8. Qxc4 b6 9. Bg5 Bb7 10. Rd1 Qd5 11. Qxc7 Rc8 12. Qe5 Nbd7 13. Qxd5 Bxd5 14. Nd2 Rc2 15. b4 Rac8 16. f3 Bc6 17. e4 Ba4 18. Be2 Rc1 19. 0-0 Bxd1 20. Bxd1 h6 21. Bf4 R8c3 22. Be2 g5 23. Bd6 R1c2 24. Nb1 Rc6 25. Bd3 Rb2 26. Be7 Kg7 27. Rd1 Nf8 28. b5 Rc7 29. Bb4 Ng6 30. g3 Rb3 31. Kf2 Rb2+ 32. Nd2 h5 33. Ke3 h4 34. Rg1 h3 35. Rh1 Ne7 36. Bd6 Ned5+ 37. exd5 Nxd5+ 38. Ke2 Nc3+ 39. Ke3 Nd5+ 40. Ke2 Nc3+ 41. Ke3 Nd5+ 1/2-1/2

[Event "BCF-chT2 2324 (4NCL)"]
[Site "England"]
[Date "2023.11.11"]
[Round "1.17"]
[White "Stork, Christopher"]
[Black "Casey, Eoghan"]
[Result "1-0"]
[WhiteElo "2046"]
[BlackElo "1839"]
[PlyCount "47"]
[EventDate "2023.11.11"]
[EventType "team-tourn"]
[EventRounds "11"]
[EventCountry "ENG"]
[SourceTitle "CB46_2023"]
[SourceDate "2023.11.15"]
[SourceVersion "1"]
[SourceVersionDate "2023.11.15"]
[SourceQuality "1"]
[WhiteTeam "Anglian Avengers"]
[BlackTeam "Gonzaga"]
[WhiteTeamCountry "ENG"]
[BlackTeamCountry "ENG"]

1. d4 c5 2. d5 g6 3. Nf3 Bg7 4. c4 f5 5. e4 fxe4 6. Ng5 Nf6 7. Nc3 Qa5 8. Bd2 e3 9. fxe3 d6 10. Bd3 0-0 11. 0-0 e5 12. dxe6 Nc6 13. Nd5 Qd8 14. Nf7 Rxf7 15. exf7+ Kxf7 16. Bc3 Ne5 17. Bxe5 dxe5 18. Qf3 Be6 19. Nxf6 Bxf6 20. Qxb7+ Bd7 21. Rad1 Ke7 22. Be4 Rc8 23. Rxf6 Rc7 24. Qa6 1-0

[Event "Bamberg op-A 5th"]
[Site "Bamberg"]
[Date "2023.07.28"]
[Round "4"]
[White "Derichs, Roger"]
[Black "Stork, Christopher"]
[Result "1-0"]
[WhiteElo "2286"]
[BlackElo "2065"]
[PlyCount "97"]
[EventDate "2023.07.26"]
[EventType "swiss"]
[EventRounds "7"]
[EventCountry "GER"]
[SourceTitle "CBM 215 Extra"]
[Source "ChessBase"]
[SourceDate "2023.09.30"]
[SourceVersion "1"]
[SourceVersionDate "2023.09.30"]
[SourceQuality "1"]

1. d4 Nf6 2. c4 e6 3. g3 d5 4. Nf3 Bb4+ 5. Bd2 Be7 6. Bg2 0-0 7. 0-0 c6 8. Qc2 Nbd7 9. Bf4 b6 10. cxd5 cxd5 11. Bc7 Qe8 12. Nc3 a6 13. a4 Bb7 14. Qb3 Bd8 15. Bf4 Rc8 16. Rfc1 Bc7 17. Rc2 Bxf4 18. gxf4 Qe7 19. Rac1 h6 20. e3 Rfe8 21. Kh1 Qd6 22. Ne5 Qb8 23. Bf3 Nxe5 24. fxe5 Nd7 25. Rg1 Qa8 26. Rg2 Bc6 27. Rc1 Qb7 28. Rcg1 g6 29. Ne2 Nf8 30. Nf4 Re7 31. Be2 b5 32. a5 Be8 33. Bd3 Rec7 34. Qd1 Kh7 35. h4 b4 36. h5 b3 37. hxg6+ fxg6 38. Qh5 Rc1 39. Nxg6 Rxg1+ 40. Rxg1 Bxg6 41. Bxg6+ Kh8 42. Bd3 Nh7 43. Qxh6 Qf7 44. f4 Rc2 45. Rg6 Rc1+ 46. Kh2 Rc2+ 47. Rg2 Rc1 48. Qg6 Qxg6 49. Bxg6 1-0

[Event "Rhein Main op-A 25th"]
[Site "Bad Homburg"]
[Date "2023.06.11"]
[Round "7"]
[White "Gloeckler, Christian"]
[Black "Stork, Christopher"]
[Result "1-0"]
[WhiteElo "2310"]
[BlackElo "2035"]
[PlyCount "91"]
[EventDate "2023.06.07"]
[EventType "swiss"]
[EventRounds "7"]
[EventCountry "GER"]
[SourceTitle "CBM 215 Extra"]
[Source "ChessBase"]
[SourceDate "2023.09.30"]
[SourceVersion "1"]
[SourceVersionDate "2023.09.30"]
[SourceQuality "1"]

1. d4 Nf6 2. c4 e6 3. Nc3 Bb4 4. Qc2 0-0 5. a3 Bxc3+ 6. Qxc3 Ne4 7. Qc2 d5 8. Nf3 Nd7 9. g3 b6 10. cxd5 exd5 11. Qc6 Ba6 12. Bf4 Ndf6 13. Rc1 Re8 14. Ne5 Nd6 15. Bh3 h6 16. f3 Nb5 17. Be3 Qd6 18. Kf2 Qxc6 19. Nxc6 Nd6 20. b3 Kf8 21. Rhe1 Bc8 22. Bg2 Nf5 23. Bf4 Bb7 24. Bh3 Nd6 25. a4 a5 26. Rc2 Bc8 27. Bg2 Bf5 28. Rc3 Rec8 29. g4 Be6 30. h3 g5 31. Be5 Nd7 32. Bh2 Nb8 33. Nxb8 Raxb8 34. Rxc7 Ne8 35. Ra7 Ra8 36. Rxa8 Rxa8 37. Rc1 Rc8 38. Rxc8 Bxc8 39. Bb8 Nf6 40. Bc7 Nd7 41. e4 Bb7 42. Ke3 Ke7 43. Bf1 dxe4 44. fxe4 Ba8 45. d5 Nf6 46. Bxb6 1-0

[Event "Rhein Main op-A 25th"]
[Site "Bad Homburg"]
[Date "2023.06.10"]
[Round "6"]
[White "Stork, Christopher"]
[Black "Lesny, Florian"]
[Result "1/2-1/2"]
[WhiteElo "2035"]
[BlackElo "2220"]
[PlyCount "79"]
[EventDate "2023.06.07"]
[EventType "swiss"]
[EventRounds "7"]
[EventCountry "GER"]
[SourceTitle "CBM 215 Extra"]
[Source "ChessBase"]
[SourceDate "2023.09.30"]
[SourceVersion "1"]
[SourceVersionDate "2023.09.30"]
[SourceQuality "1"]

1. b3 d5 2. Bb2 Nf6 3. Nf3 e6 4. c4 Be7 5. e3 0-0 6. Be2 b6 7. 0-0 Bb7 8. cxd5 Nxd5 9. d4 Nd7 10. Nbd2 c5 11. Rc1 Rc8 12. Nc4 Rc7 13. Nfe5 Nxe5 14. Nxe5 cxd4 15. Bxd4 Bf6 16. Bf3 Ba6 17. Re1 Nb4 18. Nc6 Nxc6 19. Bxf6 Qxd1 20. Rexd1 gxf6 21. Rxc6 Rxc6 22. Bxc6 Rc8 23. Be4 Be2 24. Re1 Rd8 25. Rc1 Rd2 26. Bc2 Bd3 27. Bxd3 Rxd3 28. g3 Rd2 29. a4 Rd3 30. Rb1 Kg7 31. Kf1 Rd2 32. Rc1 Rb2 33. Rc3 f5 34. Kg2 Kf6 35. Kf3 h6 36. h3 Kg6 37. Rd3 Kf6 38. Rc3 Kg6 39. Rd3 Kf6 40. Rc3 1/2-1/2

[Event "Rhein Main op-A 25th"]
[Site "Bad Homburg"]
[Date "2023.06.10"]
[Round "5"]
[White "Stork, Christopher"]
[Black "Schmid, Roland1111"]
[Result "1-0"]
[WhiteElo "2035"]
[BlackElo "2215"]
[PlyCount "91"]
[EventDate "2023.06.07"]
[EventType "swiss"]
[EventRounds "7"]
[EventCountry "GER"]
[SourceTitle "CBM 215 Extra"]
[Source "ChessBase"]
[SourceDate "2023.09.30"]
[SourceVersion "1"]
[SourceVersionDate "2023.09.30"]
[SourceQuality "1"]

1. e4 c6 2. d4 d5 3. e5 Bf5 4. h4 h5 5. Bd3 Bxd3 6. Qxd3 Qa5+ 7. Nd2 Qa6 8. c4 e6 9. Ngf3 Nd7 10. 0-0 Ne7 11. b3 c5 12. Bb2 Nc6 13. Qb1 dxc4 14. Nxc4 cxd4 15. Nxd4 Nxd4 16. Bxd4 b5 17. Nd2 Be7 18. a4 0-0 19. Qd3 Rfb8 20. Nf3 Qc6 21. axb5 Rxb5 22. Rfc1 Qd5 23. Rc3 a5 24. Rac1 Nf8 25. Qc4 Qb7 26. Qd3 Ba3 27. R1c2 Rb8 28. Ra2 Bb4 29. Rc4 Ng6 30. Qe3 Be7 31. Rc3 Nxh4 32. Nxh4 Bxh4 33. Rac2 Qd5 34. Rc8+ Rxc8 35. Rxc8+ Kh7 36. Qf4 Bd8 37. Qxf7 Qxd4 38. Qxh5+ Kg8 39. Qe8+ Kh7 40. Qxb5 Bb6 41. Qe2 Kg6 42. Rc4 Qd7 43. Rf4 Bd8 44. Qe4+ Kh6 45. Rf3 g6 46. Qf4+ 1-0

[Event "Rhein Main op-A 25th"]
[Site "Bad Homburg"]
[Date "2023.06.07"]
[Round "1"]
[White "Stork, Christopher"]
[Black "Hornung, Fabian"]
[Result "1/2-1/2"]
[WhiteElo "2035"]
[BlackElo "1806"]
[PlyCount "83"]
[EventDate "2023.06.07"]
[EventType "swiss"]
[EventRounds "7"]
[EventCountry "GER"]
[SourceTitle "CBM 215 Extra"]
[Source "ChessBase"]
[SourceDate "2023.09.30"]
[SourceVersion "1"]
[SourceVersionDate "2023.09.30"]
[SourceQuality "1"]

1. e4 e5 2. Nf3 Nc6 3. Nc3 Nf6 4. Bb5 Bd6 5. d3 0-0 6. 0-0 a6 7. Bxc6 dxc6 8. h3 Re8 9. Be3 c5 10. Qd2 Bd7 11. Bg5 c6 12. Rad1 Bf8 13. Ne2 Qe7 14. Qc3 Rad8 15. Bh4 Bc8 16. Rde1 Qd6 17. Bg3 Nd7 18. Bh2 g6 19. Qb3 Bg7 20. Ng5 Qe7 21. f4 exf4 22. Bxf4 Nf8 23. Be3 Be6 24. Nxe6 Nxe6 25. Rf2 Rd7 26. Ref1 Rf8 27. Kh1 h6 28. Nf4 Kh7 29. Nxe6 fxe6 30. Rxf8 Bxf8 31. Qc4 b5 32. Qc3 c4 33. dxc4 Bg7 34. e5 Qd8 35. cxb5 cxb5 36. Bf4 Rf7 37. Rf3 Qd5 38. Bg3 Rxf3 39. Qxf3 Qxa2 40. Qf7 Qd5 41. Kh2 a5 42. Qc7 1/2-1/2

[Event "Heusenstamm Schloss op"]
[Site "Heusenstamm"]
[Date "2022.11.20"]
[Round "6"]
[White "Oster, Klaus"]
[Black "Stork, Christopher"]
[Result "1-0"]
[WhiteElo "1916"]
[BlackElo "2021"]
[PlyCount "103"]
[EventDate "2022.11.17"]
[EventType "swiss"]
[EventRounds "7"]
[EventCountry "GER"]
[SourceTitle "CBM 212 Extra"]
[Source "ChessBase"]
[SourceDate "2023.03.31"]
[SourceVersion "1"]
[SourceVersionDate "2023.03.31"]
[SourceQuality "1"]

1. d4 d5 2. Nf3 c6 3. g3 Nf6 4. Bg2 Bf5 5. c4 e6 6. Nc3 h6 7. Qb3 Qb6 8. c5 Qa6 9. Bf1 b5 10. a4 Nbd7 11. Ra2 bxa4 12. Rxa4 Qc8 13. Qa3 Be7 14. Rxa7 Rxa7 15. Qxa7 0-0 16. Bg2 Re8 17. b4 Ne4 18. Nxe4 Bxe4 19. 0-0 Bf6 20. Bb2 Rd8 21. Ra1 Qb8 22. Qxb8 Rxb8 23. Bc3 Rb7 24. Ra6 Nb8 25. Ra8 Kh7 26. Nd2 Bc2 27. Ra2 Bg6 28. Nb3 Bd8 29. e3 Bd3 30. Bf1 Bxf1 31. Kxf1 Kg6 32. Ra8 Kf6 33. f3 g6 34. e4 h5 35. Bd2 g5 36. h4 Kg6 37. hxg5 Bxg5 38. f4 Bf6 39. Na5 Rb5 40. e5 Bg7 41. Ra7 Bf8 42. Rc7 Na6 43. Rc8 Rb8 44. Rxc6 Nxb4 45. Rb6 Rxb6 46. cxb6 Na6 47. Nc6 Kf5 48. Ke2 f6 49. Kf3 fxe5 50. fxe5 Ba3 51. b7 Bb2 52. Ne7# 1-0

[Event "Heusenstamm Schloss op"]
[Site "Heusenstamm"]
[Date "2022.11.19"]
[Round "4"]
[White "Kramer, Julian"]
[Black "Stork, Christopher"]
[Result "1-0"]
[WhiteElo "2461"]
[BlackElo "2021"]
[PlyCount "119"]
[EventDate "2022.11.17"]
[EventType "swiss"]
[EventRounds "7"]
[EventCountry "GER"]
[SourceTitle "CBM 211 Extra"]
[Source "ChessBase"]
[SourceDate "2023.01.31"]
[SourceVersion "1"]
[SourceVersionDate "2023.01.31"]
[SourceQuality "1"]

1. e4 c5 2. Nf3 e6 3. d4 cxd4 4. Nxd4 Nf6 5. Nc3 Nc6 6. a3 d6 7. h4 Be7 8. g4 Nxd4 9. Qxd4 e5 10. Qa4+ Bd7 11. Bb5 a6 12. Bxd7+ Qxd7 13. Qxd7+ Nxd7 14. Bd2 Rc8 15. 0-0-0 Nc5 16. Be3 Ne6 17. Nd5 Bd8 18. c3 0-0 19. Kd2 Re8 20. Ke2 h6 21. Rdg1 Nf8 22. f3 Re6 23. Rd1 Nd7 24. g5 h5 25. Kd3 g6 26. Rhg1 Kg7 27. f4 exf4 28. Nxf4 Re8 29. Bd4+ Ne5+ 30. Ke3 Kg8 31. Bxe5 Rxe5 32. Kf3 Be7 33. Rg2 Bf8 34. Nd5 Kg7 35. Ke3 b5 36. Rf1 Rd8 37. Rgf2 Rd7 38. Kd3 Rb7 39. b4 Re8 40. a4 Ra8 41. Ra2 Rc8 42. axb5 axb5 43. Rfa1 Kh7 44. Ra7 Rcb8 45. Nf6+ Kg7 46. Rxb7 Rxb7 47. Ra8 Re7 48. Rb8 Ra7 49. Rxb5 Be7 50. Nd5 f6 51. Ra5 Rb7 52. Nxe7 Rxe7 53. gxf6+ Kxf6 54. Rd5 Ke6 55. Rg5 Kf6 56. b5 Rb7 57. Kd4 Rb8 58. c4 Rb7 59. e5+ dxe5+ 60. Rxe5 1-0

[Event "Heusenstamm Schloss op"]
[Site "Heusenstamm"]
[Date "2022.11.19"]
[Round "5"]
[White "Stork, Christopher"]
[Black "Kuerschner, Liam"]
[Result "1/2-1/2"]
[WhiteElo "2021"]
[BlackElo "1900"]
[PlyCount "53"]
[EventDate "2022.11.17"]
[EventType "swiss"]
[EventRounds "7"]
[EventCountry "GER"]
[SourceTitle "CBM 212 Extra"]
[Source "ChessBase"]
[SourceDate "2023.03.31"]
[SourceVersion "1"]
[SourceVersionDate "2023.03.31"]
[SourceQuality "1"]

1. e4 c5 2. Nf3 g6 3. d4 cxd4 4. Nxd4 Bg7 5. Nc3 Nc6 6. Be3 Nf6 7. Bc4 0-0 8. Bb3 d6 9. h3 Bd7 10. 0-0 a6 11. Re1 b5 12. a3 Rc8 13. Qd2 Re8 14. Rad1 Na5 15. Bg5 Nc4 16. Bxc4 bxc4 17. Nf3 Be6 18. Qc1 Qc7 19. Bf4 Nd7 20. Be3 Ne5 21. Nd4 Bd7 22. f4 Nc6 23. Nf3 Qb7 24. Na4 Qb5 25. Nc3 Qb7 26. Na4 Qb5 27. Nc3 1/2-1/2

[Event "Rhein Main op-A 24th"]
[Site "Bad Homburg"]
[Date "2022.06.19"]
[Round "7"]
[White "Rabiya, Karim"]
[Black "Stork, Christopher"]
[Result "0-1"]
[WhiteElo "1823"]
[BlackElo "1994"]
[PlyCount "60"]
[EventDate "2022.06.15"]
[EventType "swiss"]
[EventRounds "7"]
[EventCountry "GER"]
[SourceTitle "EXT 2023"]
[Source "ChessBase"]
[SourceDate "2022.10.05"]
[SourceVersion "1"]
[SourceVersionDate "2022.10.05"]
[SourceQuality "1"]

1. e4 c5 2. Nf3 e6 3. d4 cxd4 4. Nxd4 Nf6 5. Nc3 Nc6 6. Nxc6 bxc6 7. e5 Nd5 8. Ne4 Bb7 9. c4 Nb4 10. a3 c5 11. Bg5 Qb6 12. Bd3 Nc6 13. f4 Nd4 14. Bh4 Qa5+ 15. Kf1 Rb8 16. Nd6+ Bxd6 17. exd6 h5 18. Qe1 Qb6 19. Qe5 Qxb2 20. Qxg7 Qxa1+ 21. Be1 Nc2 22. Qxa1 Nxa1 23. Ke2 Nb3 24. Bc3 Nd4+ 25. Kf2 Rg8 26. Rg1 f5 27. g3 Bc6 28. Re1 Kf7 29. Re5 Rb3 30. Bxd4 cxd4 0-1

[Event "Rhein Main op-A 24th"]
[Site "Bad Homburg"]
[Date "2022.06.18"]
[Round "5"]
[White "Dunsbach, Ralf"]
[Black "Stork, Christopher"]
[Result "1-0"]
[WhiteElo "2156"]
[BlackElo "1994"]
[PlyCount "111"]
[EventDate "2022.06.15"]
[EventType "swiss"]
[EventRounds "7"]
[EventCountry "GER"]
[SourceTitle "EXT 2023"]
[Source "ChessBase"]
[SourceDate "2022.10.05"]
[SourceVersion "1"]
[SourceVersionDate "2022.10.05"]
[SourceQuality "1"]

1. c4 e5 2. g3 Nf6 3. Bg2 d5 4. cxd5 Nxd5 5. Nc3 Nb6 6. Nf3 Nc6 7. 0-0 Be7 8. a3 0-0 9. b4 f6 10. d3 Be6 11. Rb1 a5 12. b5 Nd4 13. Nd2 Nd5 14. Bxd5 Bxd5 15. e3 Nf5 16. e4 Be6 17. exf5 Bxf5 18. Nde4 Bh3 19. Re1 f5 20. Nd2 Qxd3 21. Qb3+ Kh8 22. Nd5 Qxb3 23. Rxb3 Bd6 24. Nc4 a4 25. Rc3 Rad8 26. Bg5 Rd7 27. Nxd6 cxd6 28. Rec1 h6 29. Bd2 Bg4 30. f3 Bh5 31. Kf2 Bf7 32. Rd3 e4 33. Rd4 exf3 34. Kxf3 Re8 35. Re1 Re5 36. Nc3 Rde7 37. Kf2 R7e6 38. Rxa4 Rxe1 39. Bxe1 d5 40. Rd4 Rd6 41. Bd2 Kh7 42. Bf4 Rd8 43. Bc7 Rc8 44. b6 Ra8 45. a4 Ra5 46. Nb5 Be8 47. Nd6 Bc6 48. Nxf5 Bxa4 49. Ne7 Bb3 50. Ke3 g5 51. h4 Bc4 52. hxg5 hxg5 53. Rd2 Kg7 54. Rf2 Bb3 55. Be5+ Kh6 56. Rh2# 1-0

[Event "GER-ch U16"]
[Site "Willingen"]
[Date "2022.06.10"]
[Round "8"]
[White "Stork, Christopher"]
[Black "Trushko, Andrii"]
[Result "0-1"]
[WhiteElo "1994"]
[BlackElo "1897"]
[PlyCount "182"]
[EventDate "2022.06.04"]
[EventType "swiss"]
[EventRounds "9"]
[EventCountry "GER"]
[SourceTitle "CBM 208 Extra"]
[Source "ChessBase"]
[SourceDate "2022.07.31"]
[SourceVersion "1"]
[SourceVersionDate "2022.07.31"]
[SourceQuality "1"]

1. e4 c6 2. d4 d5 3. e5 c5 4. dxc5 e6 5. a3 a5 6. Nc3 Nd7 7. Bb5 Qc7 8. Nf3 Bxc5 9. 0-0 Ne7 10. Bf4 0-0 11. Bg3 Rd8 12. Bd3 Nf8 13. Re1 Bd7 14. Qd2 Rab8 15. h4 b5 16. h5 b4 17. Ne2 Bb5 18. Bxb5 Rxb5 19. Ned4 Rb6 20. h6 Nfg6 21. hxg7 Kxg7 22. axb4 axb4 23. Bf4 Nxf4 24. Qxf4 Ng6 25. Qf6+ Kg8 26. Ra7 Qxa7 27. Qxd8+ Bf8 28. g3 Rb8 29. Qg5 Rc8 30. Kg2 Rc4 31. c3 bxc3 32. bxc3 Qe7 33. Qd2 Qc5 34. Rh1 Rxc3 35. Qg5 Qb6 36. Ra1 Rc4 37. Qd2 Qb4 38. Qe3 Qc3 39. Qxc3 Rxc3 40. Ra8 Rc7 41. Nb5 Rc6 42. Nfd4 Rc4 43. Nf3 h5 44. Nd6 Rc2 45. Nd4 Rb2 46. Nf3 Kg7 47. Ra7 Be7 48. Ne8+ Kf8 49. Nf6 Rxf2+ 50. Kxf2 Bc5+ 51. Ke2 Bxa7 52. Nxh5 Bb8 53. Nf6 Kg7 54. Ng4 Ne7 55. Nh4 Nc6 56. Nf3 Kg6 57. Kd3 Ne7 58. Ke3 Bc7 59. Kf4 Nf5 60. Nf2 Bb6 61. Nd1 Ne7 62. g4 Bc7 63. Ne3 f6 64. g5 fxe5+ 65. Kg4 Nf5 66. Nf1 e4 67. Ne1 e5 68. Nc2 Ba5 69. Nfe3 Ne7 70. Ng2 d4 71. Nf4+ Kf7 72. Ng2 Bd2 73. Na3 Ke6 74. Kg3 Bxg5 75. Kf2 Kd5 76. Nb5 Ng6 77. Nc7+ Kd6 78. Nb5+ Kc6 79. Na3 Kc5 80. Nb1 Kb4 81. Ke1 e3 82. Kd1 Kb3 83. Ne1 Kb2 84. Nf3 Bf4 85. Ke2 Kxb1 86. Kd3 Kc1 87. Ke2 Kc2 88. Ne1+ Kc3 89. Nd3 e4 90. Nc5 d3+ 91. Kd1 e2+ 0-1

[Event "GER-ch U16"]
[Site "Willingen"]
[Date "2022.06.07"]
[Round "4"]
[White "Stork, Christopher"]
[Black "Bui, Bao Anh Le"]
[Result "1/2-1/2"]
[WhiteElo "1994"]
[BlackElo "2127"]
[PlyCount "54"]
[EventDate "2022.06.04"]
[EventType "swiss"]
[EventRounds "9"]
[EventCountry "GER"]
[SourceTitle "CBM 208 Extra"]
[Source "ChessBase"]
[SourceDate "2022.07.31"]
[SourceVersion "1"]
[SourceVersionDate "2022.07.31"]
[SourceQuality "1"]

1. e4 c5 2. Nf3 d6 3. d4 cxd4 4. Nxd4 Nf6 5. Nc3 a6 6. Qd3 g6 7. Bg5 Bg7 8. 0-0-0 Nbd7 9. f4 Qc7 10. h3 b5 11. g4 Bb7 12. Bg2 Rc8 13. Rd2 Qc4 14. Nb3 Qxd3 15. Rxd3 Nc5 16. Nxc5 Rxc5 17. Re1 0-0 18. Rd2 b4 19. Nd5 Bxd5 20. exd5 Rc7 21. Bxf6 Bxf6 22. Re4 Rb8 23. Kb1 h6 24. Bf1 a5 25. Rc4 Rxc4 26. Bxc4 a4 27. Re2 Kg7 1/2-1/2

[Event "GER-ch U16"]
[Site "Willingen"]
[Date "2022.06.05"]
[Round "2"]
[White "Stork, Christopher"]
[Black "Kort, Felix"]
[Result "1/2-1/2"]
[WhiteElo "1994"]
[BlackElo "1888"]
[PlyCount "176"]
[EventDate "2022.06.04"]
[EventType "swiss"]
[EventRounds "9"]
[EventCountry "GER"]
[SourceTitle "CBM 208 Extra"]
[Source "ChessBase"]
[SourceDate "2022.07.31"]
[SourceVersion "1"]
[SourceVersionDate "2022.07.31"]
[SourceQuality "1"]

1. e4 e5 2. Nf3 Nc6 3. Bc4 Bc5 4. c3 Nf6 5. d4 exd4 6. e5 d5 7. Bb5 Ne4 8. cxd4 Bb6 9. Nc3 0-0 10. Be3 Bg4 11. h3 Bh5 12. Rc1 Ne7 13. g4 Bg6 14. h4 f6 15. exf6 Rxf6 16. Ne5 c6 17. Be2 Qd6 18. h5 Be8 19. Nxe4 dxe4 20. Nc4 Qc7 21. g5 Rf8 22. h6 Nd5 23. hxg7 Qxg7 24. Nxb6 Nxe3 25. Qb3+ Bf7 26. Qxe3 axb6 27. a3 Rfd8 28. Bc4 Bxc4 29. Rxc4 b5 30. Rb4 Qg6 31. Rh6 Qf5 32. Rf6 Qd5 33. g6 hxg6 34. Rxg6+ Kf7 35. Rg5 Qd6 36. Qh3 Rh8 37. Qf5+ Ke8 38. Rg6 Qf8 39. Qxe4+ Kd7 40. d5 Re8 41. Re6 Qc5 42. Rd4 Kc7 43. Rxe8 Rxe8 44. Qxe8 Qxd4 45. Qe7+ Kb6 46. d6 Qxb2 47. d7 Qc1+ 48. Ke2 Qc2+ 49. Ke3 Qc3+ 50. Kf4 Qd4+ 51. Kg5 Qd5+ 52. Kh6 Qh1+ 53. Kg7 Qg2+ 54. Kf8 Qf3+ 55. Qf7 Qd3 56. Qe6 Kc7 57. Ke8 Qd4 58. f4 Qh8+ 59. Ke7 Qh7+ 60. Qf7 Qxf7+ 61. Kxf7 Kxd7 62. f5 c5 63. f6 c4 64. Kg7 c3 65. f7 c2 66. f8Q c1Q 67. Qf7+ Kc6 68. Qe6+ Kc7 69. Qe5+ Kb6 70. Qe6+ Ka5 71. Qb3 Qc4 72. Qe3 Ka4 73. Kf6 b6 74. Qxb6 Kxa3 75. Ke5 b4 76. Qa7+ Kb2 77. Qf2+ Qc2 78. Qf1 b3 79. Kd4 Qd2+ 80. Ke4 Ka2 81. Qa6+ Kb1 82. Qf1+ Qc1 83. Qb5 b2 84. Qb4 Qc2+ 85. Ke3 Qc6 86. Kd3 Qa6+ 87. Kd2 Ka1 88. Qd4 Qa5+ 1/2-1/2

[Event "Heusenstamm Sparkassen op-A 7th"]
[Site "Heusenstamm"]
[Date "2021.11.19"]
[Round "3.24"]
[White "Lohr, Matthias"]
[Black "Stork, Christopher"]
[Result "1-0"]
[WhiteElo "2063"]
[BlackElo "1959"]
[PlyCount "83"]
[EventDate "2021.11.18"]
[EventType "swiss"]
[EventRounds "7"]
[EventCountry "GER"]
[SourceTitle "EXT 2023"]
[Source "ChessBase"]
[SourceDate "2022.10.05"]
[SourceVersion "1"]
[SourceVersionDate "2022.10.05"]
[SourceQuality "1"]

1. e4 c5 2. Nf3 a6 3. c3 e6 4. d4 d5 5. exd5 exd5 6. Bd3 Nf6 7. 0-0 Be7 8. dxc5 0-0 9. b4 Bg4 10. h3 Bh5 11. Nbd2 Nc6 12. Bb2 Qc7 13. Qb3 Rad8 14. Rfe1 Rfe8 15. Re3 Bg6 16. Bxg6 hxg6 17. Rae1 b6 18. cxb6 Qxb6 19. a3 Kf8 20. Nd4 Nxd4 21. cxd4 Bd6 22. Rxe8+ Rxe8 23. Rxe8+ Kxe8 24. Qe3+ Kf8 25. Nb3 Qc7 26. Nc5 Qc8 27. Qd3 a5 28. bxa5 Bxc5 29. dxc5 Qxc5 30. a6 Qa5 31. Bd4 Ne8 32. a7 Nc7 33. Qb3 Kg8 34. Qb8+ Kh7 35. Bb6 Qe1+ 36. Kh2 Na6 37. Qd8 Qe5+ 38. g3 g5 39. a8Q Qe2 40. Qxg5 Nc7 41. Qf8 Ne6 42. Qf5+ 1-0

[Event "GER-ch U14"]
[Site "Willingen"]
[Date "2021.08.26"]
[Round "5"]
[White "Mueller, Maximilian3333"]
[Black "Stork, Christopher"]
[Result "0-1"]
[WhiteElo "1651"]
[BlackElo "1885"]
[PlyCount "46"]
[EventDate "2021.08.22"]
[EventType "swiss"]
[EventRounds "9"]
[EventCountry "GER"]
[SourceTitle "EXT 2022"]
[Source "ChessBase"]
[SourceDate "2021.10.06"]
[SourceVersion "1"]
[SourceVersionDate "2021.10.06"]
[SourceQuality "1"]

1. e4 c5 2. Nf3 a6 3. c4 Nc6 4. d4 cxd4 5. Nxd4 e5 6. Nxc6 bxc6 7. b3 Nf6 8. Bd3 Bc5 9. Bb2 d6 10. h3 0-0 11. 0-0 Re8 12. a3 a5 13. Nc3 Rb8 14. Na4 Ba7 15. Qc2 Nh5 16. Bc1 Nf4 17. Be3 Qg5 18. g3 Bxe3 19. fxe3 Qxg3+ 20. Kh1 Nxd3 21. Qxd3 Qxh3+ 22. Kg1 Qg3+ 23. Kh1 Re6 0-1

[Event "GER-ch U14"]
[Site "Willingen"]
[Date "2021.08.24"]
[Round "3"]
[White "Hagner, Bennet"]
[Black "Stork, Christopher"]
[Result "1/2-1/2"]
[WhiteElo "2118"]
[BlackElo "1885"]
[PlyCount "41"]
[EventDate "2021.08.22"]
[EventType "swiss"]
[EventRounds "9"]
[EventCountry "GER"]
[SourceTitle "EXT 2022"]
[Source "ChessBase"]
[SourceDate "2021.10.06"]
[SourceVersion "1"]
[SourceVersionDate "2021.10.06"]
[SourceQuality "1"]

1. e4 c5 2. Nf3 a6 3. Nc3 b5 4. d4 cxd4 5. Nxd4 Bb7 6. Bd3 e6 7. 0-0 Nf6 8. a3 Be7 9. Kh1 d6 10. f4 Nbd7 11. Bd2 Rc8 12. Qf3 Nc5 13. Rae1 Rc7 14. Qg3 h5 15. Ncxb5 axb5 16. Ba5 h4 17. Qxg7 Rh7 18. Qg5 Rh5 19. Nxb5 Na6 20. Qg7 Rh7 21. Qg5 1/2-1/2